000 00819nam a2200193Ii 4500
003 JO-AjNU
008 230605s9999||||xx |||||||||||||| ||und||
040 _aJO-AjNU
_bara
_erda
_cJO-AjNU
041 _aara
050 1 4 _aPJ6065.J3234 2004
100 3 _aتاليف الجباوي،فهد أحمد,
_eauthor
_923873
245 0 0 _aالعربية كما تعلمها الأولون :صيغ وأساليب لا قواعد وأعاريب
264 3 1 _aدمشق: دار قتيبة للطباعة والنشر، 2004
300 _a215ص
_bالمستوى الاول
336 _atext
_btxt
_2rdacontent
337 _aunmediated
_bn
_2rdamedia
338 _avolume
_bnc
_2rdacarrier
650 4 _aاللغة العربية-صيغ واساليب اللغة العربية-العربية كما تعلمها الأولون
_923874
999 _aA8706
_c12274
_d12274